Layālin wa-dumūʻ (Record no. 49198)

MARC details
000 -LEADER
fixed length control field 00587cam a22002171 4500
001 - CONTROL NUMBER
control field ne 66001886
003 - CONTROL NUMBER IDENTIFIER
control field DLC
005 - DATE AND TIME OF LATEST TRANSACTION
control field 20260227111827.0
008 - FIXED-LENGTH DATA ELEMENTS--GENERAL INFORMATION
fixed length control field 900423s1965 ua a 000 1 arar
010 ## - LIBRARY OF CONGRESS CONTROL NUMBER
LC control number ne 66001886
025 ## - OVERSEAS ACQUISITION NUMBER
Overseas acquisition number PL480:UAR-7690
035 ## - SYSTEM CONTROL NUMBER
System control number (OCoLC)21418798
040 ## - CATALOGING SOURCE
Original cataloging agency DLC
Transcribing agency WaU
Modifying agency DLC
042 ## - AUTHENTICATION CODE
Authentication code premarc
050 00 - LIBRARY OF CONGRESS CALL NUMBER
Classification number PJ7862.I35
Item number L28
100 1# - MAIN ENTRY--PERSONAL NAME
Personal name Sibāʻī, Yūsuf.
245 10 - TITLE STATEMENT
Title Layālin wa-dumūʻ
Statement of responsibility, etc. [taʼlīf] Yūsuf al-Sibāʻī.
260 ## - PUBLICATION, DISTRIBUTION, ETC.
Place of publication, distribution, etc. Miṣr,
Name of publisher, distributor, etc. Muʼassasat al-Khānjī
Date of publication, distribution, etc. [1965]
300 ## - PHYSICAL DESCRIPTION
Extent 199 p.
Other physical details illus.
Dimensions 20 cm.
500 ## - GENERAL NOTE
General note Short stories.

No items available.

Powered by Koha